Theory of equations /
Guardado en:
| Autor Principal: | |
|---|---|
| Formato: | Libro |
| Idioma: | English |
| Publicado: |
New York :
McGraw-Hill,
1948.
|
| Etiquetas: |
Agregar Etiqueta
Sin Etiquetas, Sea el primero en etiquetar este registro!
|
| LEADER | 00500nam a22001455a 4500 | ||
|---|---|---|---|
| 001 | MAT.inmabb000412 | ||
| 008 | 031125s1948####nyu###########001#0#eng#d | ||
| 005 | 20170731155730.0 | ||
| 245 | 1 | 0 | |a Theory of equations / |c by J. V. Uspensky. |
| 260 | |a New York : |b McGraw-Hill, |c 1948. | ||
| 300 | |a vii, 353 p. ; |c cm. | ||
| 500 | |a La biblioteca posee también una versión en español: A-8166. |5 AR-BbIMB | ||
| 100 | 1 | |a Uspensky, James Victor, |d 1883-1947. | |
| 084 | |a 11-XX |2 msc2000 | ||
| 859 | |h 11 |i Us86e |p A-152 |b BIB. MATEMATICA | ||
